000 00454nam a2200157 a 4500
001 3655
005 20140414131903.0
008 060922s19uu xx 00 eng d
020 _a0-671-62652-3
050 _aFIC
_bH77 1987
100 _aHope, Laura Lee
245 _aThe new bobbsey twins #2 :
_bthe case of the runaway money /
_cby Laura Lee Hope.
260 _aNew York :
_bPocket books,
_cc1987.
440 _aThe New Bobbsey Twins
999 _c110773
_d110773